ジャンカラの店舗 - Statistics

General Stats
  • This quiz has been taken 25 times
  • The average score is 21 of 179
Answer Stats
店舗名 % Correct
なんば店
52%
心斎橋店
48%
岡山駅前店
43%
京都駅前店
38%
倉敷駅前店
38%
天王寺店
38%
名駅西口店
38%
福山駅前店
33%
名駅東口店
33%
河原町本店
29%
四条河原町店
29%
すすきの店
29%
茶屋町店
29%
富山駅前店
29%
あべの店
24%
北新地店
24%
札幌駅前店
24%
三条河原町店
24%
三宮駅前店
24%
鶴橋駅前店
24%
天神店
24%
六地蔵店
24%
明石駅前店
19%
石橋駅前店
19%
江坂店
19%
お初天神店
19%
刈谷駅前店
19%
岐阜駅前店
19%
堺東店
19%
十三駅東口店
19%
大正駅前店
19%
高松店
19%
玉造駅前店
19%
同志社前店
19%
道頓堀店
19%
錦店
19%
阪急西宮北口店
19%
山科駅前店
19%
岡山駅前2号店
19%
あびこ店
14%
池田駅前店
14%
今池駅前店
14%
大分駅前店
14%
大街道店
14%
香椎駅前店
14%
近鉄八尾店
14%
近鉄四日市店
14%
小倉店
14%
琴似店
14%
西院駅前店
14%
四条大宮駅前店
14%
下通店
14%
新大宮駅前店
14%
橘通店
14%
天文館店
14%
豊中駅前店
14%
中洲川端駅前店
14%
錦本店
14%
西鉄久留米駅前店
14%
寝屋川駅前店
14%
阪急東通店
14%
阪急東通本店
14%
阪急東中通店
14%
枚方駅前店
14%
薬院駅前店
14%
八事駅前店
14%
大和八木駅前店
14%
江坂2号店
14%
名駅西口2号店
14%
JR茨木店
14%
JR奈良店
14%
アジアン天満店
10%
アメリカ村店
10%
新瑞橋駅前店
10%
梅田芝田町店
10%
大曽根駅前店
10%
上新庄駅前店
10%
上新庄ほんまに駅前店
10%
北野坂店
10%
紺屋町店
10%
香里園駅前店
10%
佐世保京町店
10%
十三本町店
10%
中央通り店
10%
天文館通わっぜ駅前店
10%
ディープ布施店
10%
なんさん通り店
10%
なんば本店
10%
西九条駅前店
10%
西新店
10%
西中洲店
10%
博多駅筑紫口店
10%
阪急伊丹店
10%
阪急かっぱ横丁店
10%
阪急塚口店
10%
阪神尼崎店
10%
阪神西宮店
10%
藤井寺駅前店
10%
藤が丘駅前店
10%
本通店
10%
本山駅前店
10%
桃山御陵前店
10%
洛北店
10%
すすきの2号店
10%
阪急西宮北口2号店
10%
阪急東通3号店
10%
JR神戸店
10%
生田新道店
5%
石山駅直結店
5%
板宿駅前店
5%
今津駅前店
5%
上本町駅前店
5%
大街道二番町通り店
5%
大須万松寺店
5%
金沢駅東口店
5%
金山駅北口店
5%
京橋本店
5%
近鉄奈良東向店
5%
草津駅東口店
5%
くずは店
5%
サンキタ通り店
5%
静岡本店
5%
庄内駅前店
5%
昭和町駅前店
5%
新金岡駅前店
5%
すすきの交差店
5%
住道駅前店
5%
セルフでよかよ小倉店
5%
宗右衛門町店
5%
垂水駅前店
5%
天神西通り店
5%
長居駅前店
5%
西新中央商店街店
5%
西中島店
5%
ニッケパークタウン加古川レンガ店
5%
阪神御影店
5%
東通白馬車ビル店
5%
姫路駅前町店
5%
姫路セントラル店
5%
姫路みゆき通店
5%
深井駅前店
5%
ウエストコート姪浜店
5%
八戸ノ里駅前店
5%
下通2号店
5%
千日前2号店
5%
高槻2号店
5%
博多駅筑紫口2号店
5%
本通2号店
5%
心斎橋3号店
5%
千日前3号店
5%
高槻3号店
5%
京橋Door4店
5%
JR鳳駅前店
5%
JR吹田店
5%
JR立花店
5%
JR兵庫店
5%
JR福島店
5%
JR和歌山店
5%
みんなのJR茨木店
5%
JR六甲道2号店
5%
天神大名Resort&Uta
5%
北巽駅前店
0%
京都河原町近江屋店
0%
京阪大和田店
0%
京阪守口店
0%
セルフでジョイ有楽街店
0%
高槻シースー店
0%
南海通なんば店
0%
阪急茨木店
0%
阪急園田店
0%
阪急三国店
0%
みんなの塚本駅前店
0%
有楽街店
0%
京橋1号店
0%
明石駅前2号店
0%
堺東2号店
0%
布施駅前2号店
0%
元町駅前2号店
0%
JR六甲道駅みなみ店
0%
No matching quizzes found
Score Distribution
Percent of People with Each Score
Percentile by Number Answered
Your Score History
You have not taken this quiz